00507 a2200181 450000100060000002000150000604000240002110000270004524000340007224500290010630000070013536200090014244000150015165000310016694200070019795201040020499900170030869518 a8528104168 cAnchieta - Itaigara aTorres, Marcos Ribeiro10aMenino brinca de boneca?lpor10aMenino brinca de boneca? a580 a2001 1aSalamandra 4aLiteratura infanto-juvenil cBK 00104070a88.1b88.1d2023-11-21l0o028.5 TOR MENp1921/ITAr2023-11-21 20:04:06w2023-11-21yBK c69518d69518